Foundations of stress waves (Record no. 576457)

000 -LEADER
fixed length control field 00589nam a22001817a 4500
003 - CONTROL NUMBER IDENTIFIER
control field CEME
005 - DATE AND TIME OF LATEST TRANSACTION
control field 20210628204148.0
008 - FIXED-LENGTH DATA ELEMENTS--GENERAL INFORMATION
fixed length control field 210112b xxu||||| |||| 00| 0 eng d
020 ## - INTERNATIONAL STANDARD BOOK NUMBER
International Standard Book Number 9780080444499
040 ## - CATALOGING SOURCE
Transcribing agency ceme
082 ## - DEWEY DECIMAL CLASSIFICATION NUMBER
Classification number 531.1133 LIL
100 ## - MAIN ENTRY--PERSONAL NAME
Personal name Lili, Wang
9 (RLIN) 69037
245 ## - TITLE STATEMENT
Title Foundations of stress waves
260 ## - PUBLICATION, DISTRIBUTION, ETC.
Place of publication, distribution, etc. GREAT BRITAIN
Name of publisher, distributor, etc. ELSEVIER
Date of publication, distribution, etc. 2007
300 ## - PHYSICAL DESCRIPTION
Extent XIII, 533P
650 ## - SUBJECT ADDED ENTRY--TOPICAL TERM
Topical term or geographic name entry element STRESS WAVES.DYNAMIC MECHANICS IN SOLIDS.DYNAMIC BEHAVIOR OF MATERIALS.SEISMOLOGY.EXPLOSION AND IMPACT ENGINEERING.NON DESTRUVTIVE TESTING AND EVALUATION.
9 (RLIN) 69038
942 ## - ADDED ENTRY ELEMENTS (KOHA)
Koha item type Book
Source of classification or shelving scheme
Holdings
Withdrawn status Lost status Damaged status Not for loan Permanent Location Current Location Shelving location Date acquired Total Checkouts Full call number Barcode Date last seen Price effective from Koha item type
        College of Electrical & Mechanical Engineering (CEME) College of Electrical & Mechanical Engineering (CEME) General Stacks 08/03/2017   531.1133 LIL CEME-46803 06/28/2021 06/28/2021 Book
© 2023 Central Library, National University of Sciences and Technology. All Rights Reserved.